The one to one future : Building relationships one customer at a time
Đã lưu trong:
| Hovedforfatter: | |
|---|---|
| Format: | Bog |
| Sprog: | Undetermined |
| Udgivet: |
New York
Currency Doubleday
1993
|
| Fag: | |
| Tags: |
Tilføj Tag
Ingen Tags, Vær først til at tagge denne postø!
|
| Thư viện lưu trữ: | Trung tâm Học liệu Trường Đại học Cần Thơ |
|---|
| LEADER | 00600nam a2200193Ia 4500 | ||
|---|---|---|---|
| 001 | CTU_99655 | ||
| 008 | 210402s9999 xx 000 0 und d | ||
| 082 | |a 658.812 | ||
| 082 | |b P424 | ||
| 100 | |a Peppers, Don | ||
| 245 | 4 | |a The one to one future : | |
| 245 | 0 | |b Building relationships one customer at a time | |
| 245 | 0 | |c Don Peppers, Martha Rogers | |
| 260 | |a New York | ||
| 260 | |b Currency Doubleday | ||
| 260 | |c 1993 | ||
| 650 | |a Market segmentation,Sales promotion,Consumers' preferences,Customer relations | ||
| 904 | |i Năm | ||
| 980 | |a Trung tâm Học liệu Trường Đại học Cần Thơ | ||